[Event "Hastings Weekend Open 2024/25"]
[Site "Hastings"]
[Date "2025.01.05"]
[Round "5.1"]
[White "Liu, Tianyi (Jack)"]
[Black "Keely, Leo A"]
[Result "1-0"]
[WhiteElo "2180"]
[BlackElo "1899"]
[PlyCount "87"]
[EventDate "2025.01.03"]
[EventType "swiss"]
[EventRounds "5"]
[EventCountry "ENG"]
[SourceTitle "BritBase"]
[Source "John Saunders"]
[SourceDate "2025.01.10"]
[SourceVersion "1"]
[SourceVersionDate "2025.01.10"]
[SourceQuality "1"]

1. e4 c5 2. Nf3 d6 3. d4 cxd4 4. Nxd4 Nf6 5. Nc3 g6 6. Be3 Bg7 7. f3 O-O 8. Qd2 Nc6 9. Bc4 Bd7 10. O-O-O Rc8 11. Bb3 Nxd4 12. Bxd4 b5 13. Bxa7 b4 14. Nd5 Nxd5 15. exd5 Qa5 16. Bd4 Ba4 17. Qe3 Bxb3 18. Qxb3 Bh6+ 19. Kb1 Ra8 20. Rhe1 Bg5 21. g3 Ra6 22. h4 Bf6 23. Bxf6 exf6 24. Re4 Rb8 25. a3 Rab6 26. Rxb4 Rxb4 27. axb4 Rxb4 28. Qc3 Qb5 29. h5 gxh5 30. Qxf6 Qe2 31. Rc1 Qd2 32. Qd8+ Kg7 33. Qxd6 Qc3 34. b3 Kg8 35. f4 f6 36. Qe6+ Kg7 37. d6 Rb6 38. Qe7+ Kg6 39. f5+ Kxf5 40. Qxh7+ Kg5 41. Qg7+ Kf5 42. Rf1+ Ke4 43. Qe7+ Kd5 44. Rf5+ 1-0

[Event "Hastings Weekend Open 2024/25"]
[Site "Hastings"]
[Date "2025.01.05"]
[Round "5.2"]
[White "Patel, Zain"]
[Black "Mikalajunas, Kajus"]
[Result "1/2-1/2"]
[WhiteElo "2113"]
[BlackElo "1975"]
[PlyCount "26"]
[EventDate "2025.01.03"]
[EventType "swiss"]
[EventRounds "5"]
[EventCountry "ENG"]
[SourceTitle "BritBase"]
[Source "John Saunders"]
[SourceDate "2025.01.10"]
[SourceVersion "1"]
[SourceVersionDate "2025.01.10"]
[SourceQuality "1"]

1. Nf3 d5 2. d4 Nf6 3. e3 c5 4. Nbd2 cxd4 5. exd4 Qc7 6. c3 Nc6 7. Bd3 Bg4 8. O-O e6 9. Re1 Bd6 10. h3 Bh5 11. Be2 O-O 12. Ne5 Bxe2 13. Qxe2 b5 1/2-1/2

[Event "Hastings Weekend Open 2024/25"]
[Site "Hastings"]
[Date "2025.01.05"]
[Round "5.3"]
[White "Batchelor, Paul A"]
[Black "Venkataramanan, T.S."]
[Result "0-1"]
[WhiteElo "1933"]
[BlackElo "2215"]
[PlyCount "62"]
[EventDate "2025.01.03"]
[EventType "swiss"]
[EventRounds "5"]
[EventCountry "ENG"]
[SourceTitle "BritBase"]
[Source "John Saunders"]
[SourceDate "2025.01.10"]
[SourceVersion "1"]
[SourceVersionDate "2025.01.10"]
[SourceQuality "1"]

1. d4 g6 2. e4 Bg7 3. Nf3 d6 4. h3 Nf6 5. Bd3 O-O 6. O-O c5 7. c3 Nc6 8. d5 Nb8 9. c4 Nbd7 10. Nc3 a6 11. a4 b6 12. Re1 e5 13. dxe6 fxe6 14. Bf4 Qe7 15. e5 dxe5 16. Nxe5 Bb7 17. Bh2 Nh5 18. Nxd7 Qxd7 19. Be4 Bd4 20. Be5 Bxf2+ 21. Kh1 Rad8 22. Qxd7 Rxd7 23. Red1 Rxd1+ 24. Rxd1 Bg3 25. Bxb7 Bxe5 26. Bf3 Ng3+ 27. Kg1 Bd4+ 28. Kh2 Nf5 29. Rc1 Kg7 30. b3 Be5+ 31. Kh1 Nd4 0-1

[Event "Hastings Weekend Open 2024/25"]
[Site "Hastings"]
[Date "2025.01.05"]
[Round "5.4"]
[White "Alcindor, Samuel"]
[Black "Yu, Rock"]
[Result "1-0"]
[WhiteElo "1927"]
[BlackElo "1952"]
[PlyCount "81"]
[EventDate "2025.01.03"]
[EventType "swiss"]
[EventRounds "5"]
[EventCountry "ENG"]
[SourceTitle "BritBase"]
[Source "John Saunders"]
[SourceDate "2025.01.10"]
[SourceVersion "1"]
[SourceVersionDate "2025.01.10"]
[SourceQuality "1"]

1. c4 c5 2. Nc3 Nf6 3. g3 d5 4. cxd5 Nxd5 5. Bg2 Nc7 6. d3 e5 7. f4 exf4 8. Bxf4 Ne6 9. Bd2 Be7 10. Nf3 Nc6 11. Rc1 O-O 12. O-O Bf6 13. b3 b6 14. Ne4 Bb2 15. Rb1 Ba3 16. Bc3 Bb7 17. e3 f5 18. Nf2 Nb4 19. Qe2 Nd5 20. Ba1 Bb4 21. Rbd1 Bc3 22. d4 Bxa1 23. Rxa1 Qe7 24. Rfe1 Rae8 25. Qc4 Nf6 26. Ne5 Bxg2 27. Kxg2 Qb7+ 28. Kg1 b5 29. Qd3 Ng5 30. Re2 Rxe5 31. dxe5 Nf3+ 32. Kf1 Nxh2+ 33. Ke1 Ne4 34. Nxe4 fxe4 35. Qd6 Rf1+ 36. Kd2 Rxa1 37. e6 Nf3+ 38. Kc2 Qa8 39. e7 Kf7 40. Qd8 Qc6 41. Qf8+ 1-0

[Event "Hastings Weekend Open 2024/25"]
[Site "Hastings"]
[Date "2025.01.05"]
[Round "5.5"]
[White "Ponting, Andrew"]
[Black "Kalavannan, Koby"]
[Result "0-1"]
[WhiteElo "1923"]
[BlackElo "2300"]
[PlyCount "66"]
[EventDate "2025.01.03"]
[EventType "swiss"]
[EventRounds "5"]
[EventCountry "ENG"]
[SourceTitle "BritBase"]
[Source "John Saunders"]
[SourceDate "2025.01.10"]
[SourceVersion "1"]
[SourceVersionDate "2025.01.10"]
[SourceQuality "1"]

1. d4 Nf6 2. Nc3 d5 3. Bg5 Nbd7 4. f3 e6 5. e4 h6 6. Bf4 Bb4 7. Bd3 c5 8. a3 Bxc3+ 9. bxc3 c4 10. Bf1 dxe4 11. Bxc4 Nb6 12. Bb5+ Bd7 13. Bxd7+ Qxd7 14. fxe4 Nxe4 15. Qd3 Qc6 16. Ne2 Rc8 17. Bd2 Nxd2 18. Qxd2 Qxg2 19. Rg1 Qxh2 20. Rxg7 Qh4+ 21. Rg3 Rg8 22. Qf4 Qxf4 23. Rxg8+ Ke7 24. Nxf4 Rxg8 25. Kf2 Rc8 26. Ne2 Nd5 27. Rb1 b6 28. Rb3 h5 29. Kf3 f5 30. Nf4 Rxc3+ 31. Rxc3 Nxc3 32. Nxh5 Nb5 33. a4 Nxd4+ 0-1

[Event "Hastings Weekend Open 2024/25"]
[Site "Hastings"]
[Date "2025.01.05"]
[Round "5.6"]
[White "Barantsev, Oleg"]
[Black "Adams, Henry"]
[Result "0-1"]
[WhiteElo "1917"]
[BlackElo "2017"]
[PlyCount "62"]
[EventDate "2025.01.03"]
[EventType "swiss"]
[EventRounds "5"]
[EventCountry "ENG"]
[SourceTitle "BritBase"]
[Source "John Saunders"]
[SourceDate "2025.01.10"]
[SourceVersion "1"]
[SourceVersionDate "2025.01.10"]
[SourceQuality "1"]

1. a3 e5 2. b4 d5 3. Bb2 Bd6 4. Nf3 Nd7 5. e3 Ngf6 6. c4 c6 7. d3 O-O 8. Nbd2 a5 9. c5 Bc7 10. e4 Qe7 11. Be2 Rd8 12. O-O b6 13. cxb6 Bxb6 14. bxa5 Bxa5 15. Qc2 Ba6 16. Nb3 Bb6 17. Rfe1 Bb5 18. d4 Ba4 19. exd5 cxd5 20. dxe5 Ne4 21. Bd4 Ndc5 22. Rab1 Rdb8 23. Bb5 Bxb5 24. Nxc5 Bxc5 25. Rxe4 dxe4 26. Bxc5 Qc7 27. Nd2 Qxe5 28. Nxe4 Bc6 29. Rxb8+ Rxb8 30. Ng3 Qa1+ 31. Nf1 Bb5 0-1

[Event "Hastings Weekend Open 2024/25"]
[Site "Hastings"]
[Date "2025.01.05"]
[Round "5.7"]
[White "Kilambi, Venkata Ananth Aksh"]
[Black "Suez-Panama, Gilles"]
[Result "1/2-1/2"]
[WhiteElo "1910"]
[BlackElo "1979"]
[PlyCount "89"]
[EventDate "2025.01.03"]
[EventType "swiss"]
[EventRounds "5"]
[EventCountry "ENG"]
[SourceTitle "BritBase"]
[Source "John Saunders"]
[SourceDate "2025.01.10"]
[SourceVersion "1"]
[SourceVersionDate "2025.01.10"]
[SourceQuality "1"]

1. Nf3 d5 2. e3 c6 3. c4 e6 4. Nc3 Bd6 5. d4 f5 6. b3 Nf6 7. Bb2 O-O 8. Be2 Nbd7 9. Qc2 Ne4 10. h3 Qe7 11. Rf1 b6 12. O-O-O Bb7 13. Kb1 a5 14. a4 Rac8 15. Nd2 Nxc3+ 16. Bxc3 c5 17. g4 cxd4 18. exd4 Bb4 19. Rfe1 Qd6 20. Bxb4 axb4 21. Bd3 g6 22. gxf5 exf5 23. h4 Qf6 24. h5 gxh5 25. Rh1 dxc4 26. Bxc4+ Kh8 27. d5 Bxd5 28. Rxh5 Ne5 29. Qb2 Nxc4 30. bxc4 Bc6 31. Qxb4 Ra8 32. Qb2 Rxa4 33. Rh6 Qxb2+ 34. Kxb2 Rc8 35. Rf6 Ra5 36. Nb3 Re5 37. Nd4 Be4 38. f3 Ba8 39. Rxb6 Rec5 40. Rd2 f4 41. Rb4 Rxc4 42. Rxc4 Rxc4 43. Ne6 Rc8 44. Rd3 Kg8 45. Nxf4 1/2-1/2

[Event "Hastings Weekend Open 2024/25"]
[Site "Hastings"]
[Date "2025.01.05"]
[Round "5.8"]
[White "Waterfield, Mark"]
[Black "Wilson, Matthew R"]
[Result "1-0"]
[WhiteElo "1842"]
[BlackElo "1772"]
[PlyCount "79"]
[EventDate "2025.01.03"]
[EventType "swiss"]
[EventRounds "5"]
[EventCountry "ENG"]
[SourceTitle "BritBase"]
[Source "John Saunders"]
[SourceDate "2025.01.10"]
[SourceVersion "1"]
[SourceVersionDate "2025.01.10"]
[SourceQuality "1"]

1. e4 e5 2. Nf3 Nf6 3. Nc3 Nc6 4. d4 exd4 5. Nxd4 Bb4 6. Nxc6 bxc6 7. Bd3 d5 8. exd5 O-O 9. O-O Bg4 10. f3 Bh5 11. dxc6 Qd4+ 12. Kh1 Bxc3 13. bxc3 Qxc3 14. Bf4 Qxc6 15. Qe1 Bg6 16. Qa5 Nd5 17. Bg3 Nb6 18. Bb5 Qc5 19. Bf2 Qg5 20. Qa6 Qf6 21. c3 Qxc3 22. Rac1 Qf6 23. Rxc7 Nd5 24. Rxa7 Qxa6 25. Rxa6 Rxa6 26. Bxa6 Nb4 27. Bc4 Bd3 28. Bxd3 Nxd3 29. Bg3 Ra8 30. Rb1 Kf8 31. Rb8+ Rxb8 32. Bxb8 Nb2 33. Kg1 Ke7 34. Be5 Nd1 35. Bxg7 f6 36. Bh6 Nc3 37. a3 Kd6 38. Kf2 Kd5 39. Ke3 Nb5 40. Bf8 1-0

[Event "Hastings Weekend Open 2024/25"]
[Site "Hastings"]
[Date "2025.01.05"]
[Round "5.9"]
[White "Gosling, Marcus"]
[Black "Chapman, Luke"]
[Result "1-0"]
[WhiteElo "1930"]
[BlackElo "1766"]
[PlyCount "75"]
[EventDate "2025.01.03"]
[EventType "swiss"]
[EventRounds "5"]
[EventCountry "ENG"]
[SourceTitle "BritBase"]
[Source "John Saunders"]
[SourceDate "2025.01.10"]
[SourceVersion "1"]
[SourceVersionDate "2025.01.10"]
[SourceQuality "1"]

1. Nf3 f5 2. d3 d6 3. c4 Nf6 4. Nc3 g6 5. g3 Bg7 6. Bg2 O-O 7. O-O e5 8. Rb1 a5 9. a3 h6 10. e4 f4 11. d4 Nh5 12. dxe5 dxe5 13. Qxd8 Rxd8 14. Nd5 c6 15. Nb6 Ra6 16. Nxc8 Rxc8 17. g4 Nf6 18. Nxe5 g5 19. h3 Rd8 20. b4 axb4 21. Rxb4 Ra5 22. Ng6 Rd7 23. e5 Ne8 24. e6 Rc7 25. Rd1 Bf6 26. Bb2 Kg7 27. Be4 Na6 28. Rd7+ Kg8 29. Rxb7 Rxb7 30. Bxf6 Nxf6 31. Rxb7 Nxe4 32. Ne7+ Kf8 33. Nxc6 Rc5 34. e7+ Kf7 35. Nd8+ Ke8 36. Ne6 Kf7 37. Ng7 Nc7 38. e8=Q+ 1-0

[Event "Hastings Weekend Open 2024/25"]
[Site "Hastings"]
[Date "2025.01.05"]
[Round "5.10"]
[White "Graham, David B"]
[Black "Flynn, David"]
[Result "1-0"]
[WhiteElo "2129"]
[BlackElo "1846"]
[PlyCount "61"]
[EventDate "2025.01.03"]
[EventType "swiss"]
[EventRounds "5"]
[EventCountry "ENG"]
[SourceTitle "BritBase"]
[Source "John Saunders"]
[SourceDate "2025.01.10"]
[SourceVersion "1"]
[SourceVersionDate "2025.01.10"]
[SourceQuality "1"]

1. e4 c5 2. Nf3 Nc6 3. Bb5 g6 4. O-O Bg7 5. Re1 Nf6 6. h3 O-O 7. e5 Nd5 8. Nc3 Nc7 9. Bxc6 dxc6 10. d3 Ne6 11. Ne4 b6 12. a4 a5 13. Neg5 h6 14. Ne4 Qc7 15. Ng3 Nd4 16. c3 Ne6 17. Qc2 Ba6 18. d4 cxd4 19. cxd4 Rfd8 20. Be3 Rac8 21. Rad1 Rd5 22. h4 c5 23. Qb3 c4 24. Qc3 b5 25. axb5 Rxb5 26. d5 Rb3 27. Qc2 Nc5 28. d6 Qd8 29. Bxc5 Rxc5 30. Ne4 Rc6 31. Nd4 1-0

[Event "Hastings Weekend Open 2024/25"]
[Site "Hastings"]
[Date "2025.01.05"]
[Round "5.11"]
[White "Plotnikov, Dmytro"]
[Black "Zhang, Kendrick Botong"]
[Result "0-1"]
[WhiteElo "1720"]
[BlackElo "1994"]
[PlyCount "68"]
[EventDate "2025.01.03"]
[EventType "swiss"]
[EventRounds "5"]
[EventCountry "ENG"]
[SourceTitle "BritBase"]
[Source "John Saunders"]
[SourceDate "2025.01.10"]
[SourceVersion "1"]
[SourceVersionDate "2025.01.10"]
[SourceQuality "1"]

1. e4 c5 2. Be2 Nc6 3. f4 g6 4. Nf3 Bg7 5. O-O e6 6. d3 Nge7 7. c3 d5 8. Be3 b6 9. Qc2 O-O 10. a4 d4 11. Bf2 e5 12. fxe5 Nxe5 13. Nxe5 Bxe5 14. Nd2 Nc6 15. Nf3 Bg7 16. Bg3 Qe7 17. Rae1 Ne5 18. Nxe5 Bxe5 19. Bxe5 Qxe5 20. Qd2 Bd7 21. Bd1 Rad8 22. h4 dxc3 23. bxc3 Be6 24. Re3 Rd7 25. h5 Rfd8 26. hxg6 hxg6 27. Bc2 Qg5 28. Qf2 Kg7 29. Rf3 Qe5 30. Qe1 Rh8 31. Rg3 Rh6 32. Qe3 Qxc3 33. Bd1 Qd4 34. Kf2 Rh8 0-1

[Event "Hastings Weekend Open 2024/25"]
[Site "Hastings"]
[Date "2025.01.05"]
[Round "5.12"]
[White "Freeman, Luke"]
[Black "Lee, Jungsoo"]
[Result "1-0"]
[WhiteElo "1887"]
[BlackElo "1705"]
[PlyCount "75"]
[EventDate "2025.01.03"]
[EventType "swiss"]
[EventRounds "5"]
[EventCountry "ENG"]
[SourceTitle "BritBase"]
[Source "John Saunders"]
[SourceDate "2025.01.10"]
[SourceVersion "1"]
[SourceVersionDate "2025.01.10"]
[SourceQuality "1"]

1. e4 Nf6 2. Nc3 d5 3. exd5 Nxd5 4. Bc4 Nb6 5. Bb3 a5 6. a4 e6 7. Nf3 Be7 8. O-O O-O 9. d3 Na6 10. Be3 Nd5 11. Nxd5 exd5 12. c3 Bg4 13. Bc2 f5 14. h3 Bh5 15. Bf4 Nc5 16. Re1 Bd6 17. Be3 Kh8 18. Bxc5 Bxc5 19. d4 Bd6 20. Qd3 Ra6 21. Ne5 Bxe5 22. Rxe5 Bg6 23. Qf3 f4 24. Bxg6 Rxg6 25. Rxd5 Qe7 26. Rxa5 Re6 27. Ra7 Rb6 28. b4 g5 29. Ra2 Re6 30. Ra1 g4 31. hxg4 Rh6 32. Ra5 Qh4 33. Rh5 Rxh5 34. gxh5 Rf5 35. Qh3 Qf6 36. Re1 Qf7 37. Qh4 Rf6 38. h6 1-0

[Event "Hastings Weekend Open 2024/25"]
[Site "Hastings"]
[Date "2025.01.05"]
[Round "5.13"]
[White "Kim, Yegeon"]
[Black "Lesniowski, Paul"]
[Result "0-1"]
[WhiteElo "1697"]
[BlackElo "1874"]
[PlyCount "156"]
[EventDate "2025.01.03"]
[EventType "swiss"]
[EventRounds "5"]
[EventCountry "ENG"]
[SourceTitle "BritBase"]
[Source "John Saunders"]
[SourceDate "2025.01.10"]
[SourceVersion "1"]
[SourceVersionDate "2025.01.10"]
[SourceQuality "1"]

1. e4 c5 2. Nf3 e6 3. d4 cxd4 4. Nxd4 Nc6 5. Nb5 d6 6. c4 Nf6 7. N5c3 Be7 8. Be2 O-O 9. Be3 b6 10. O-O Bb7 11. Nd2 d5 12. cxd5 exd5 13. exd5 Nxd5 14. Nxd5 Qxd5 15. Bf3 Qd7 16. Qa4 Rac8 17. Rac1 Rfd8 18. Rfd1 Qe6 19. Nf1 Rxd1 20. Rxd1 h6 21. Ng3 Rc7 22. Bg4 Qf6 23. Bf4 b5 24. Qe4 Nb4 25. Qe3 Nc2 26. Qd2 Rc4 27. Nh5 Qg6 28. f3 Nd4 29. Ng3 Bc5 30. Be3 Rc2 31. Qd3 Qb6 32. Bxd4 Rxb2 33. a3 Ra2 34. Bf5 g6 35. Be4 Bxd4+ 36. Qxd4 Qxd4+ 37. Rxd4 Bxe4 38. Nxe4 Rxa3 39. Rb4 a6 40. Rb2 f5 41. Nd2 Kf7 42. Kf2 Ke6 43. Ke2 Kd5 44. Nb1 Ra1 45. Kd3 Kc5 46. Nd2 Ra3+ 47. Kc2 b4 48. Nb3+ Kc4 49. Nd2+ Kc5 50. Nf1 Rc3+ 51. Kd2 a5 52. Ng3 a4 53. Ne2 Rc4 54. Nc1 Kb5 55. Nd3 a3 56. Ra2 Rc3 57. Rc2 Rb3 58. Ne5 Rb1 59. Ra2 Ka4 60. Nc4 Kb3 61. Rc2 Rb2 62. Na5+ Ka2 63. Kc1 b3 64. Rc8 Rxg2 65. Nxb3 Kxb3 66. Rb8+ Ka2 67. Rb6 Ka1 68. Ra6 a2 69. Rb6 h5 70. h3 h4 71. Rb4 g5 72. Rb5 f4 73. Ra5 Rg3 74. Kc2 Rxf3 75. Rxg5 Rf1 76. Rg4 f3 77. Rxh4 f2 78. Rf4 Rb1 0-1

[Event "Hastings Weekend Open 2024/25"]
[Site "Hastings"]
[Date "2025.01.05"]
[Round "5.14"]
[White "Pick, Freddie"]
[Black "Gartside, Carl"]
[Result "1-0"]
[WhiteElo "1874"]
[BlackElo "1810"]
[PlyCount "67"]
[EventDate "2025.01.03"]
[EventType "swiss"]
[EventRounds "5"]
[EventCountry "ENG"]
[SourceTitle "BritBase"]
[Source "John Saunders"]
[SourceDate "2025.01.10"]
[SourceVersion "1"]
[SourceVersionDate "2025.01.10"]
[SourceQuality "1"]

1. e4 e5 2. Nf3 Nc6 3. Bb5 a6 4. Ba4 d6 5. O-O Bg4 6. c3 b5 7. Bc2 Qf6 8. a4 Rb8 9. axb5 axb5 10. Re1 Bxf3 11. Qxf3 Qxf3 12. gxf3 g6 13. d3 Bh6 14. Be3 Bxe3 15. fxe3 Nge7 16. d4 Kd7 17. Nd2 Rhc8 18. Kf2 Nd8 19. f4 f6 20. Rg1 Ndc6 21. h4 Rf8 22. f5 gxf5 23. exf5 Rg8 24. Rxg8 Rxg8 25. Ne4 Rf8 26. Ng3 Nd5 27. Bb3 Nb6 28. Be6+ Ke7 29. d5 Nd8 30. e4 Nxe6 31. fxe6 Ra8 32. Nf5+ Kf8 33. Rg1 Nc8 34. Rg7 1-0

[Event "Hastings Weekend Open 2024/25"]
[Site "Hastings"]
[Date "2025.01.05"]
[Round "5.15"]
[White "Kim, Taewoo A"]
[Black "Graham, Oliver"]
[Result "1/2-1/2"]
[WhiteElo "1852"]
[BlackElo "1789"]
[PlyCount "129"]
[EventDate "2025.01.03"]
[EventType "swiss"]
[EventRounds "5"]
[EventCountry "ENG"]
[SourceTitle "BritBase"]
[Source "John Saunders"]
[SourceDate "2025.01.10"]
[SourceVersion "1"]
[SourceVersionDate "2025.01.10"]
[SourceQuality "1"]

1. d4 Nf6 2. c4 e6 3. Nf3 d5 4. Nc3 Bb4 5. Qa4+ Nc6 6. e3 O-O 7. Qc2 Ne7 8. a3 Bxc3+ 9. bxc3 c6 10. Bd3 h6 11. O-O b6 12. Ne5 Bb7 13. cxd5 exd5 14. Bd2 Qc7 15. Be1 c5 16. Qe2 Rac8 17. f3 Nc6 18. Nxc6 Qxc6 19. Bh4 Qd6 20. Rae1 cxd4 21. cxd4 Rc3 22. a4 Rfc8 23. Ra1 Bc6 24. Rfc1 Bd7 25. Rxc3 Rxc3 26. Qd2 Qc7 27. Bxf6 gxf6 28. f4 Kg7 29. h3 f5 30. Kh2 Kf6 31. Ra2 Qc8 32. Rc2 Rxc2 33. Qxc2 Qe8 34. Qc7 Bxa4 35. Qxa7 b5 36. Qc7 Qxe3 37. Qd6+ Kg7 38. Qe5+ Qxe5 39. dxe5 b4 40. Bxf5 Bb5 41. Kg3 Bc4 42. Kf3 Ba2 43. Ke3 b3 44. Kd4 b2 45. g4 b1=Q 46. Bxb1 Bxb1 47. Kxd5 Ba2+ 48. Kd6 Bc4 49. h4 Be2 50. g5 h5 51. f5 Bc4 52. e6 fxe6 53. fxe6 Kf8 54. Ke5 Ke7 55. Kf5 Bxe6+ 56. Kg6 Bg4 57. Kh7 Be6 58. Kg6 Bg4 59. Kh7 Be2 60. g6 Kf6 61. g7 Bc4 62. Kh6 Bf7 63. g8=Q Bxg8 64. Kxh5 Kg7 65. Kg5 1/2-1/2

[Event "Hastings Weekend Open 2024/25"]
[Site "Hastings"]
[Date "2025.01.05"]
[Round "5.16"]
[White "Kendall, Arthur"]
[Black "Rastogi, Nayan Keats"]
[Result "0-1"]
[WhiteElo "1841"]
[BlackElo "1873"]
[PlyCount "78"]
[EventDate "2025.01.03"]
[EventType "swiss"]
[EventRounds "5"]
[EventCountry "ENG"]
[SourceTitle "BritBase"]
[Source "John Saunders"]
[SourceDate "2025.01.10"]
[SourceVersion "1"]
[SourceVersionDate "2025.01.10"]
[SourceQuality "1"]

1. d4 Nf6 2. Nf3 d5 3. e3 c5 4. c3 cxd4 5. exd4 Bf5 6. Bd3 Bxd3 7. Qxd3 Nc6 8. O-O e6 9. Bf4 Bd6 10. Bxd6 Qxd6 11. Nbd2 O-O 12. Rfe1 Rab8 13. a4 Nd7 14. Ng5 Nf6 15. Ngf3 a6 16. b4 a5 17. b5 Ne7 18. Ne5 b6 19. Rab1 Rfc8 20. Rb3 Qc7 21. Qh3 Qd6 22. Ndf3 h6 23. Nd2 Rf8 24. Qd3 Qc7 25. Qh3 Ne8 26. Qg3 Nd6 27. Qh3 Rbc8 28. Qd3 Nc4 29. Ndf3 Rfe8 30. Qe2 Qd6 31. Nd3 Ng6 32. Nfe5 Ncxe5 33. Nxe5 Nxe5 34. Qxe5 Qxe5 35. Rxe5 Rc4 36. Ra3 Rec8 37. Re3 Rxd4 38. cxd4 Rc1+ 39. Re1 Rxe1# 0-1

[Event "Hastings Weekend Open 2024/25"]
[Site "Hastings"]
[Date "2025.01.05"]
[Round "5.17"]
[White "Gorskovs, Andrejs"]
[Black "Taylor, Zebadiah"]
[Result "1-0"]
[WhiteElo "1863"]
[BlackElo "1636"]
[PlyCount "108"]
[EventDate "2025.01.03"]
[EventType "swiss"]
[EventRounds "5"]
[EventCountry "ENG"]
[SourceTitle "BritBase"]
[Source "John Saunders"]
[SourceDate "2025.01.10"]
[SourceVersion "1"]
[SourceVersionDate "2025.01.10"]
[SourceQuality "1"]

1. e4 d6 2. d4 Nf6 3. Nc3 g6 4. f4 Bg7 5. Bd3 c6 6. Nf3 Bg4 7. h3 Bxf3 8. Qxf3 Nfd7 9. Ne2 Qc7 10. O-O O-O 11. Be3 c5 12. c3 a6 13. a4 c4 14. Bc2 Nc6 15. d5 Na7 16. Nd4 Nc5 17. h4 e5 18. fxe5 dxe5 19. Ne2 h5 20. Qf2 Rac8 21. g3 Kh7 22. Kg2 Bh6 23. Bxh6 Kxh6 24. Ng1 Rce8 25. Qe3+ Kg7 26. Bd1 Qd6 27. Be2 Nc8 28. Bxc4 Ne7 29. b4 Nd7 30. Nf3 f5 31. Ng5 Rf6 32. Ne6+ Kh7 33. a5 Nf8 34. Qc5 Qd7 35. Ng5+ Kg7 36. Bb3 Rc8 37. Qe3 Qc7 38. c4 Ng8 39. c5 Nh6 40. d6 Qd8 41. exf5 Ng4 42. Qe4 gxf5 43. Qxb7+ Kg6 44. Rae1 Rb8 45. Qd5 Nh7 46. Nxh7 Kxh7 47. Qd3 Qd7 48. Qd2 Qb7+ 49. Bd5 Qxb4 50. Qxb4 Rxb4 51. d7 Rf8 52. c6 Rb2+ 53. Kg1 Rc2 54. Rc1 Kg7 1-0

[Event "Hastings Weekend Open 2024/25"]
[Site "Hastings"]
[Date "2025.01.05"]
[Round "5.18"]
[White "Butt, Laurence"]
[Black "Lee, Younggyu"]
[Result "1-0"]
[WhiteElo "1818"]
[BlackElo "1722"]
[PlyCount "37"]
[EventDate "2025.01.03"]
[EventType "swiss"]
[EventRounds "5"]
[EventCountry "ENG"]
[SourceTitle "BritBase"]
[Source "John Saunders"]
[SourceDate "2025.01.10"]
[SourceVersion "1"]
[SourceVersionDate "2025.01.10"]
[SourceQuality "1"]

1. d4 Nf6 2. Bg5 d5 3. Nc3 e6 4. e3 Be7 5. f4 O-O 6. Nf3 c5 7. Bd3 Nc6 8. O-O a6 9. Kh1 b5 10. dxc5 Bxc5 11. e4 dxe4 12. Nxe4 Be7 13. Nxf6+ Bxf6 14. Bxf6 Qxf6 15. Ng5 h6 16. Nh7 Qxb2 17. Nxf8 Kxf8 18. Be4 Bb7 19. Qd6+ 1-0

[Event "Hastings Weekend Open 2024/25"]
[Site "Hastings"]
[Date "2025.01.05"]
[Round "5.19"]
[White "Karangad, Mohit"]
[Black "Lawrence-Cade, Jack"]
[Result "1-0"]
[WhiteElo "1817"]
[BlackElo "1716"]
[PlyCount "41"]
[EventDate "2025.01.03"]
[EventType "swiss"]
[EventRounds "5"]
[EventCountry "ENG"]
[SourceTitle "BritBase"]
[Source "John Saunders"]
[SourceDate "2025.01.10"]
[SourceVersion "1"]
[SourceVersionDate "2025.01.10"]
[SourceQuality "1"]

1. d4 Nf6 2. c4 Nc6 3. d5 Ne5 4. Nc3 e6 5. e4 Bc5 6. Be2 d6 7. Bg5 Ng6 8. Nf3 h6 9. Bc1 a6 10. O-O O-O 11. a3 Bd7 12. b4 Ba7 13. dxe6 fxe6 14. e5 dxe5 15. Qc2 Nf4 16. Nxe5 Nxe2+ 17. Nxe2 Be8 18. Rd1 Qe7 19. Nf4 Rd8 20. Bb2 Nh5 21. Nfg6 1-0